| 000 | 02716cam a2200481 a 4500 | ||
|---|---|---|---|
| 001 | ocm48662368 | ||
| 003 | TZ-ArACH | ||
| 005 | 20120222153653.0 | ||
| 008 | 011220s2002 nyu b 000 0 eng | ||
| 010 | _a 2001008544 | ||
| 020 | _a0826414117 | ||
| 020 | _a9780826414113 | ||
| 035 |
_a(OCoLC)48662368 _z(OCoLC)491820607 |
||
| 040 |
_aDLC _beng _cTZ-ArACH _dBAKER _dNLGGC _dBTCTA _dYDXCP _dZWZ _dGEBAY |
||
| 041 | _aEng | ||
| 043 | _ae-ne--- | ||
| 049 | _aTZAA | ||
| 050 | 0 | 0 |
_aKZ1203.M55 _bS33 2002 |
| 082 | 0 | 0 |
_a341.6/9 _221 |
| 100 | 1 |
_aScharf, Michael P., _d1963- _94342 |
|
| 245 | 1 | 0 |
_aSlobodan Milosevic on trial : a companion _ba companion / _cMichael P. Scharf, William A. Schabas. |
| 260 |
_aNew York : _bContinuum, _c2002. |
||
| 300 |
_avi, 178 p. ; _c22 cm. |
||
| 504 | _aIncludes bibliographical references (p. 174-178). | ||
| 505 | 0 | _aIntroduction -- The rise of Slobodan Milosevic -- Key events leading to the Milosovic prosecution -- From Nuremberg to the Hague: the history of international prosecution -- The crimes charged: war crimes, genocide, and crimes against humanity -- Dramatis persona -- The rules of the road: procedure before the international tribunal -- Real justice or realpolitik?: can Milosevic get a fair trial? -- The merits of the case -- The outcome. | |
| 600 | 1 | 0 |
_aMilošević, Slobodan, _d1941-2006 _vTrials, litigation, etc. _94343 |
| 600 | 1 | 7 |
_aMilošević, Slobodan, _d(1941-2006) _xProcès. _2ram _94344 |
| 600 | 1 | 7 |
_aMilošević, Slobodan (Politiker) _2swd _94345 |
| 610 | 2 | 7 |
_aTribunal pénal international pour l'ex-Yougoslavie. _2ram _94346 |
| 610 | 2 | 7 |
_aInternationales Strafgericht zur Verfolgung von Verletzungen des Humanitären Völkerrechts im ehemaligen Jugoslawien _2swd _94347 |
| 650 | 0 |
_aTrials (Crimes against humanity) _zNetherlands _zHague. _94348 |
|
| 650 | 1 | 7 |
_aInternational Criminal Tribunal for the former Yugoslavia. _94349 |
| 650 | 7 |
_aCrimes contre l'humanité _xProcès _zLa Haye (Pays-Bas) _94350 |
|
| 650 | 7 |
_aGuerre dans l'ex-Yougoslavie (1991-1995) _2ram _94351 |
|
| 650 | 7 |
_aGuerre du Kosovo (1998-1999) _94352 |
|
| 700 | 1 |
_aMilošević, Slobodan, _d1941-2006. _94353 |
|
| 700 | 1 |
_aSchabas, William, _d1950- _94354 |
|
| 776 | 0 | 8 |
_iOnline version: _aScharf, Michael P., 1963- _tSlobodan Milosevic on trial. _dNew York : Continuum, 2002 _w(OCoLC)606889103 |
| 856 | 4 | 2 |
_3Contributor biographical information _uhttp://catdir.loc.gov/catdir/enhancements/fy1203/2001008544-b.html |
| 856 | 4 | 1 |
_3Table of contents only _uhttp://catdir.loc.gov/catdir/enhancements/fy1203/2001008544-t.html |
| 942 |
_2lcc _cBOOK |
||
| 999 |
_c1557 _d1557 |
||